00326 2200133 4500001002100000005001500021035002000036245007200056300000900128260002300137082000800160084001200168990001200180INLIS00000000000207020250527094537 a0010-0525000362 aSains Dari Kepala Sampah Kaki /cArthur W. Wiggins, Charles M. Wynn a2234 bPakar Karya,c2004 a500 a500 SAI a0713222